000 00861nam a2200253Ia 4500
005 20250425161737.0
008 250425s9999 xx 000 0 und d
020 _a9682436354
041 _aspa
082 _a631
100 _aMEYER, MARCO R.
245 0 _aMANUALES PARA EDUCACION AGROPECUARIA : ELABORACION DE PRODUCTOS AGRICOLAS
250 _a2A ED.
260 _aMEXICO
260 _aMéxico
_bTRILLAS
_c1990
300 _a108
520 _aLA TEMATICA DE ESTE LIBRO TRATA SOBRE LA MANERA COMO LOS PRODUCTOS DESPUES DE COSECHADOS PASAN POR DIFERENTES PROCESOS PARA LOGRAR OBTENER UN PRODUTO FINAL EL CUAL POSEA TODAS LAS CONDICIONES ADECUADAS PARA EL MOMENTO DE SU VENTA.CONTENIDO: CONSERVAC
650 _aACEITES VEGETALES
650 _aAZUCAR
650 _aCEREALES
650 _aPRODUCTOS AGRICOLAS
942 _c01
010 _a27157
999 _c215212
_d215212